<?xml version="1.0" encoding="UTF-8"?>
<record
    xmlns:xsi="http://www.w3.org/2001/XMLSchema-instance"
    xsi:schemaLocation="http://www.loc.gov/MARC21/slim http://www.loc.gov/standards/marcxml/schema/MARC21slim.xsd"
    xmlns="http://www.loc.gov/MARC21/slim">

  <leader>02225agaaa2200325   4500</leader>
  <controlfield tag="001">7857</controlfield>
  <controlfield tag="003">IT-RoPAU</controlfield>
  <controlfield tag="005">20220918181228.0</controlfield>
  <controlfield tag="007">d cvaizq</controlfield>
  <controlfield tag="008">50131s9999||||xx ||| |     ||   ||und||</controlfield>
  <datafield tag="040" ind1=" " ind2=" ">
    <subfield code="a">IT-RoPAU</subfield>
    <subfield code="c">IT-RoPAU</subfield>
  </datafield>
  <datafield tag="041" ind1=" " ind2=" ">
    <subfield code="a">ITALIANO</subfield>
  </datafield>
  <datafield tag="100" ind1=" " ind2=" ">
    <subfield code="a">Wenders Wim</subfield>
    <subfield code="g">Codice regista SPICS: 499</subfield>
    <subfield code="9">39244</subfield>
  </datafield>
  <datafield tag="130" ind1=" " ind2=" ">
    <subfield code="a">PARIS, TEXAS</subfield>
    <subfield code="9">39245</subfield>
  </datafield>
  <datafield tag="245" ind1=" " ind2=" ">
    <subfield code="a">PARIS, TEXAS</subfield>
    <subfield code="c">Sceneggiatura: Shepard Sam Carson Kit L.M. -- Diretto da: Wenders Wim</subfield>
    <subfield code="p">PARIS, TEXAS (Rif. Codice opera principale : H7857)</subfield>
  </datafield>
  <datafield tag="250" ind1=" " ind2=" ">
    <subfield code="a">Edizione Standard</subfield>
  </datafield>
  <datafield tag="260" ind1=" " ind2=" ">
    <subfield code="a">BERLINO (FRA - GER - UK - USA)</subfield>
    <subfield code="b">ROAD MOVIES - ARGOS FILM / Distribuzione: CIAK</subfield>
    <subfield code="g">"1984 (1&#xB0; ed.: 2007 ; Ed. Lingua Orig.: 1984)"</subfield>
  </datafield>
  <datafield tag="300" ind1=" " ind2=" ">
    <subfield code="a">DVD</subfield>
    <subfield code="b">sonoro, col.</subfield>
    <subfield code="c">139 minuti</subfield>
  </datafield>
  <datafield tag="508" ind1=" " ind2=" ">
    <subfield code="a">"Fotografia: Muller Robby; Montaggio: Przygodda Peter; Musica: Cooder Ry; Sceneggiatura: Shepard Sam Carson Kit L.M.; Scenografia: Altman Kate; Soggetto: Shepard Sam -- Carson Kit L.M."</subfield>
  </datafield>
  <datafield tag="511" ind1=" " ind2=" ">
    <subfield code="a">"Kinski Nastassja; Stanton Harry; Dean; Stockwell Dean; Clement Aurore; Carson Hunter"</subfield>
  </datafield>
  <datafield tag="520" ind1=" " ind2=" ">
    <subfield code="a">"DATO PER DISPERSO, TRAVIS E' RACCOLTO AI MARGINI DEL DESERTO TEXANO. TORNATO IN FAMIGLIA TROVA IL FIGLIOLETTO HUNTER, CHE LA MOGLIE JANE PRIMA DI SPARIRE ANCHE LEI, AVEVA AFFIDATO AI COGNATI. UN GIORNO, SAPUTO CHE LA DONNA COMPIE OGNI MESE UN VERSAMENTO A FAVORE DEL FIGLIO, PARTE CON LUI A RICERCARLA. TRAVIS E JANE SI RITROVERANNO IN UN PEEP SHOW DOVE, IN UNA DRAMMATICA CONVERSAZIONE TRAMITE L'INTERFONICO, CHIARIRANNO I MOTIVI DELLA LORO SEPARAZIONE PER POI DI NUOVO LASCIARSI... PALMA D'ORO E PREMIO FIPRESCI AL FESTIVAL DI CANNES 1984. CONTENUTI EXTRA: TRAILER CINEMATOGRAFICO; COMMENTO AL FILM DI WIM WENDERS; CIAK E SCENE TAGLIATE COMMENTATE DA WIM WENDERS; BACKSTAGE S8; INTERVISTA A WIM WENDERS."</subfield>
  </datafield>
  <datafield tag="538" ind1=" " ind2=" ">
    <subfield code="a">PAL, STEREO</subfield>
  </datafield>
  <datafield tag="546" ind1=" " ind2=" ">
    <subfield code="a">ITALIANO</subfield>
  </datafield>
  <datafield tag="650" ind1=" " ind2=" ">
    <subfield code="a">DRAMMATICO</subfield>
    <subfield code="e">DVD-FILM [DVD]</subfield>
    <subfield code="x">Codice MATERIA SPICS: 9947</subfield>
    <subfield code="9">39246</subfield>
  </datafield>
  <datafield tag="700" ind1=" " ind2=" ">
    <subfield code="a">Carson Kit L.M. </subfield>
    <subfield code="e">(soggetto)</subfield>
    <subfield code="g">Codice Soggetto 2&#xB0; SPICS: 18980</subfield>
    <subfield code="9">39247</subfield>
  </datafield>
  <datafield tag="700" ind1=" " ind2=" ">
    <subfield code="a">Cooder Ry</subfield>
    <subfield code="e">(musica)</subfield>
    <subfield code="g">Codice Musica SPICS: 11321</subfield>
    <subfield code="9">39248</subfield>
  </datafield>
  <datafield tag="700" ind1=" " ind2=" ">
    <subfield code="a">Shepard Sam </subfield>
    <subfield code="e">(soggetto)</subfield>
    <subfield code="g">Codice Soggetto SPICS: 22867</subfield>
    <subfield code="9">39249</subfield>
  </datafield>
  <datafield tag="700" ind1=" " ind2=" ">
    <subfield code="a">Wenders Wim </subfield>
    <subfield code="e">(regista)</subfield>
    <subfield code="g">Codice regista SPICS: 499</subfield>
    <subfield code="9">39250</subfield>
  </datafield>
  <datafield tag="942" ind1=" " ind2=" ">
    <subfield code="c">DV</subfield>
    <subfield code="2">ddc</subfield>
  </datafield>
  <datafield tag="999" ind1=" " ind2=" ">
    <subfield code="c">105062</subfield>
    <subfield code="d">105062</subfield>
  </datafield>
  <datafield tag="952" ind1=" " ind2=" ">
    <subfield code="0">0</subfield>
    <subfield code="1">0</subfield>
    <subfield code="4">0</subfield>
    <subfield code="6">H_7857_000000000000000</subfield>
    <subfield code="7">1</subfield>
    <subfield code="a">SPICS</subfield>
    <subfield code="b">SPICS</subfield>
    <subfield code="d">2015-01-31</subfield>
    <subfield code="l">0</subfield>
    <subfield code="o">H7857</subfield>
    <subfield code="r">2015-01-31 00:00:00</subfield>
    <subfield code="w">2015-01-31</subfield>
    <subfield code="y">DV</subfield>
    <subfield code="z">Progr. Ins.: 3616 / N.Vol.:1 / Copie: 1 / Pag.:0 / Copia rara: n.d. / date import: 1.2.2015 / By Epidotti, Trombetti, Vaglietti</subfield>
  </datafield>
</record>
